001890000a2200061000450024500370000030000610003777300290009810aForming leaders in Latin America aVol. 75, Num. 2 (Julio-Diciembre, 1995), Páginas 10-150 tLatin America Evangelist